000 00540cam a2200181 4500500
005 20260405002612.0
041 _afre
042 _adc
100 1 0 _aGuillot, Apolline
_eauthor
245 0 0 _aL’Énigme Tolstoïevski
260 _c2017.
500 _a56
690 _aPierre Bayard
690 _aRussie
690 _aTolstoï
786 0 _nPhilosophie magazine | 115 | 12-1 | 2017-12-01 | p. 48-48 | 1951-1787
856 4 1 _uhttps://shs.cairn.info/magazine-philosophie-magazine-2017-12-1-page-48?lang=fr&redirect-ssocas=7080
999 _c2059210
_d2059210